[Event "ICS rated standard match"]
[Site "204.178.125.65"]
[Date "1999.12.06"]
[Round "?"]
[White "Medizinmann"]
[Black "Hossa"]
[Result "0-1"]
[WhiteElo "2257"]
[BlackElo "2167"]
[PlyCount "162"]
[EventDate "1999.??.??"]

1. d4 Nf6 2. c4 g6 3. Nc3 d5 4. cxd5 Nxd5 5. e4 Nxc3 6. bxc3 c5 7. Be3 Bg7 8.
Qd2 cxd4 9. cxd4 Nc6 10. Rd1 O-O 11. Nf3 Qd6 12. h3 Qb4 13. Bd3 f5 14. Bg5
Qxd2+ 15. Rxd2 h6 16. Bh4 e6 17. exf5 Nxd4 18. Nxd4 Bxd4 19. fxe6 Bxe6 20. O-O
g5 21. Bg3 Rad8 22. Rfd1 Bf6 23. f3 Rfe8 24. Bb5 Rxd2 25. Rxd2 Rc8 26. Bd7 Rc1+
27. Kh2 Bf7 28. Ba4 h5 29. Bb3 Bxb3 30. axb3 Rc8 31. Rd6 Rf8 32. Kg1 Kg7 33.
Bf2 a6 34. Rd7+ Rf7 35. Rxf7+ Kxf7 36. Kf1 h4 37. Ke2 Ke6 38. Kd3 Kd5 39. Be3
Be7 40. Kc3 Bd8 41. Kd3 Ke5 42. Kc3 b5 43. Kd3 a5 44. Kc3 Be7 45. Kc2 a4 46.
bxa4 bxa4 47. Kb2 Kd5 48. Kc3 Ke6 49. Kc4 Kf6 50. Bc1 Kf5 51. Kc3 Ke6 52. Kc4
Kf7 53. Kc3 Kg6 54. Kc4 Bf8 55. Kc3 Kf5 56. Kc4 Bd6 57. Kc3 Bc5 58. Kc4 Bf8 59.
Kc3 Be7 60. Kc4 Kg6 61. Kc3 Bd6 62. Kc4 Kf6 63. Bb2+ Kf5 64. Bc1 Bf4 65. Bb2
Bd2 66. Kd3 Bb4 67. Ke3 a3 68. Ba1 Be7 69. Kf2 Bf6 70. Bxf6 Kxf6 71. g3 hxg3+
72. Kxg3 g4 73. hxg4 Ke5 74. Kh4 a2 75. Kg3 Ke6 76. f4 Kd5 77. g5 Ke4 78. Kg4
a1=Q 79. g6 Qg1+ 80. Kh5 Kf5 81. Kh4 Qh2# 0-1

[Event "ICS rated blitz match"]
[Site "204.178.125.65"]
[Date "1999.12.06"]
[Round "?"]
[White "Hossa"]
[Black "andre-nn"]
[Result "1/2-1/2"]
[WhiteElo "2494"]
[BlackElo "2321"]
[PlyCount "117"]
[EventDate "1999.??.??"]

1. e4 c6 2. d4 d5 3. Nc3 dxe4 4. Nxe4 Bf5 5. Ng3 Bg6 6. Nf3 Nd7 7. Bd3 Ngf6 8.
Qe2 e6 9. Bxg6 hxg6 10. Bd2 Be7 11. O-O-O Qc7 12. Kb1 O-O-O 13. Ng5 Rdf8 14.
Be3 Nd5 15. N5e4 N7f6 16. Nxf6 Bxf6 17. c4 Nxe3 18. fxe3 c5 19. dxc5 Rh4 20. e4
Qxc5 21. Rd2 Be5 22. Rhd1 Rxh2 23. Nf1 Rh1 24. Rd7 Qb4 25. Ne3 Rxd1+ 26. Rxd1
Rd8 27. Rxd8+ Kxd8 28. Nd1 a5 29. Qd3+ Ke7 30. Kc2 a4 31. g4 a3 32. bxa3 Qa4+
33. Kb1 Qa5 34. Qb3 b6 35. Qd3 Qc5 36. Kc2 Qd4 37. Qxd4 Bxd4 38. Kd2 Kf6 39.
Ke2 Kg5 40. Kf3 Bc5 41. Nc3 Bxa3 42. Na4 Bb4 43. Nxb6 f5 44. gxf5 gxf5 45. Nd7
fxe4+ 46. Kxe4 Kh4 47. Ke5 g5 48. c5 g4 49. c6 Ba5 50. Kd6 g3 51. Ne5 g2 52.
Nf3+ Kg3 53. Ng1 Kf2 54. Nh3+ Kg3 55. Ng1 Kf2 56. Nh3+ Kg3 57. Ng1 Kf2 58. Nh3+
Kg3 59. Ng1 1/2-1/2

[Event "ICS rated blitz match"]
[Site "204.178.125.65"]
[Date "1999.12.06"]
[Round "?"]
[White "Beadle"]
[Black "Hossa"]
[Result "1-0"]
[WhiteElo "2613"]
[BlackElo "2487"]
[PlyCount "75"]
[EventDate "1999.??.??"]

1. e4 e5 2. Nf3 Nc6 3. d4 exd4 4. Nxd4 Bc5 5. Be3 Bxd4 6. Bxd4 Nxd4 7. Qxd4 Qf6
8. Qc3 b6 9. f3 c6 10. Bc4 d6 11. Be2 Bb7 12. O-O Qxc3 13. Nxc3 Ke7 14. f4 b5
15. e5 dxe5 16. fxe5 Rd8 17. a4 b4 18. Bc4 Nh6 19. Ne4 Rhf8 20. Nd6 Bc8 21. Rf4
Be6 22. Bxe6 Kxe6 23. Rxb4 Kxe5 24. Nc4+ Kd5 25. Na5 c5 26. Rb5 a6 27. c4+ Kd4
28. Nc6+ Kxc4 29. Rc1+ Kd3 30. Rbxc5 Rde8 31. Nb4+ Kd4 32. Rd5+ Ke3 33. Re1+
Kf4 34. Nd3+ Kg4 35. Nf2+ Kf4 36. g3+ Kf3 37. Rd3+ Re3 38. Rdxe3# 1-0

[Event "ICS rated blitz match"]
[Site "204.178.125.65"]
[Date "1999.12.06"]
[Round "?"]
[White "Hossa"]
[Black "Beadle"]
[Result "0-1"]
[WhiteElo "2477"]
[BlackElo "2623"]
[PlyCount "140"]
[EventDate "1999.??.??"]

1. e4 c6 2. d4 d5 3. Nc3 dxe4 4. Nxe4 Bf5 5. Ng3 Bg6 6. Nf3 Nd7 7. Bd3 e6 8.
O-O Ngf6 9. Re1 Bd6 10. Bg5 Qb6 11. Rb1 O-O 12. Bxg6 hxg6 13. c4 Qa5 14. Bxf6
Nxf6 15. Qb3 Rab8 16. Rbd1 b5 17. c5 Bc7 18. Ne4 Rfd8 19. Nxf6+ gxf6 20. Re4
Rd5 21. Rde1 Rbd8 22. Kh1 Rh5 23. Qa3 Qxa3 24. bxa3 Kg7 25. h4 f5 26. R4e2 Rxd4
27. Nxd4 Rxh4+ 28. Kg1 Rxd4 29. Rb1 Rc4 30. Rd2 Be5 31. Rd8 Rxc5 32. Rc8 Rc2
33. f3 Bg3 34. Ra1 Kf6 35. Ra8 Bd6 36. Kh1 Rc4 37. g3 Bxg3 38. Rxa7 Rc2 39. Ra6
Rf2 40. Rxc6 Rxf3 41. Rc5 Be5 42. Re1 Rh3+ 43. Kg2 Rh2+ 44. Kg1 Bd6 45. Rd1
Bxc5+ 46. Kxh2 Bxa3 47. Rd3 Bc5 48. Rc3 Bd6+ 49. Kh3 g5 50. Rc6 Ke5 51. Rb6 b4
52. Rb7 g4+ 53. Kh4 f6 54. Rf7 Kd5 55. Kh5 Be5 56. Rd7+ Ke4 57. Rb7 g3 58. Kh4
Kf3 59. Kh3 f4 60. a4 Bd4 61. Rg7 b3 62. Rb7 b2 63. Rb3+ Kf2 64. Kg4 g2 65. Kh5
g1=Q 66. Kh6 Qg5+ 67. Kh7 f5 68. Rb7 b1=Q 69. Rb2+ Qxb2 70. a5 Qg7# 0-1

[Event "ICS rated blitz match"]
[Site "204.178.125.65"]
[Date "1999.12.06"]
[Round "?"]
[White "Beadle"]
[Black "Hossa"]
[Result "1-0"]
[WhiteElo "2633"]
[BlackElo "2467"]
[PlyCount "105"]
[EventDate "1999.??.??"]

1. d4 Nf6 2. c4 g6 3. Nc3 d5 4. Bf4 Bg7 5. e3 c5 6. dxc5 Bg4 7. Qb3 Qc8 8. f3
Bf5 9. g4 dxc4 10. Bxc4 Be6 11. Bxe6 fxe6 12. Bxb8 Rxb8 13. Nge2 O-O 14. Nd4
Qxc5 15. Qxe6+ Rf7 16. O-O Qg5 17. Rad1 Rbf8 18. Rfe1 Rd8 19. Ndb5 Ra8 20. Rd4
Qh4 21. Red1 a6 22. Nc7 Raf8 23. Rd8 Bh6 24. Rxf8+ Bxf8 25. e4 Qg5 26. N7d5
Nxd5 27. Nxd5 Qh6 28. f4 Qh3 29. Rd2 a5 30. b3 b5 31. Rf2 a4 32. bxa4 bxa4 33.
Kh1 a3 34. Kg1 Qd3 35. Kg2 Qd1 36. h3 Qd4 37. f5 Kg7 38. g5 gxf5 39. exf5 Qh4
40. f6+ exf6 41. gxf6+ Kh8 42. Qxf7 Qg5+ 43. Kf1 Qc1+ 44. Ke2 Qc8 45. Ne7 Qa6+
46. Ke1 Qa5+ 47. Kf1 Qb5+ 48. Re2 Qb1+ 49. Kf2 Qb6+ 50. Kf3 Qb7+ 51. Re4 Qxe4+
52. Kxe4 Bh6 53. Qg8# 1-0

[Event "ICS rated blitz match"]
[Site "204.178.125.65"]
[Date "1999.12.06"]
[Round "?"]
[White "Beadle"]
[Black "Hossa"]
[Result "1-0"]
[WhiteElo "2627"]
[BlackElo "2475"]
[PlyCount "115"]
[EventDate "1999.??.??"]

1. d4 Nf6 2. c4 e6 3. Nc3 d5 4. Bg5 Nbd7 5. e3 Be7 6. Nf3 O-O 7. Qb3 Nb6 8.
Bxf6 Bxf6 9. c5 Nd7 10. Bd3 c6 11. O-O e5 12. dxe5 Nxe5 13. Nxe5 Bxe5 14. f4
Bf6 15. Qc2 g6 16. Kh1 Qa5 17. Ne2 Qb4 18. Rab1 Be7 19. Rfc1 Bg4 20. Nd4 Rae8
21. a3 Qa5 22. h3 Bc8 23. b4 Qxa3 24. Qd2 a5 25. Rc3 Qa4 26. Rc2 Bf6 27. Ne2
axb4 28. Ra2 Bc3 29. Nxc3 bxc3 30. Qf2 Qxa2 31. Qxa2 Rxe3 32. Rd1 Rfe8 33. Qa5
Bf5 34. Qxc3 Bxd3 35. Rxd3 R3e4 36. Qf6 R4e6 37. Qb2 R8e7 38. Ra3 f6 39. Ra7 h5
40. Rxb7 Kf7 41. Kh2 h4 42. Rxe7+ Rxe7 43. Qb6 Re6 44. f5 gxf5 45. Qd8 Re7 46.
Qd6 Re5 47. Qxc6 Kg6 48. Qb7 f4 49. c6 Re8 50. c7 f3 51. c8=Q Rxc8 52. Qxc8
fxg2 53. Qg8+ Kh6 54. Kxg2 f5 55. Kf3 d4 56. Kf4 d3 57. Kxf5 Kh5 58. Qh8# 1-0

[Event "ICS rated blitz match"]
[Site "204.178.125.65"]
[Date "1999.12.06"]
[Round "?"]
[White "Hossa"]
[Black "Beadle"]
[Result "0-1"]
[WhiteElo "2466"]
[BlackElo "2636"]
[PlyCount "138"]
[EventDate "1999.??.??"]

1. d4 d5 2. c4 c6 3. Nc3 e6 4. e4 dxe4 5. Nxe4 Bb4+ 6. Nc3 Nf6 7. a3 Bxc3+ 8.
bxc3 O-O 9. Bd3 e5 10. dxe5 Qa5 11. Ne2 Qxe5 12. Bf4 Qa5 13. O-O Na6 14. Re1
Nc5 15. Bd6 Nxd3 16. Qxd3 Bf5 17. Qd4 Rfe8 18. Ng3 Rad8 19. Bb4 Rxe1+ 20. Rxe1
Qc7 21. Qxa7 Be6 22. Ba5 Qb8 23. Qxb8 Rxb8 24. c5 Ra8 25. Bb4 Rd8 26. Nf1 Rd3
27. Ne3 g6 28. Rd1 Rxd1+ 29. Nxd1 Kg7 30. Nb2 Nd7 31. c4 Kf6 32. f3 Ne5 33. Bc3
Kf5 34. g4+ Kf4 35. Bxe5+ Kxe5 36. Na4 Bxc4 37. Nc3 f5 38. gxf5 gxf5 39. Na4
Kd4 40. Kg2 f4 41. h4 Bd3 42. h5 Bc2 43. Nb6 Kxc5 44. Nc8 Bb3 45. h6 Bc4 46. a4
Ba6 47. Ne7 Bd3 48. a5 Kd6 49. Nc8+ Ke5 50. Nb6 c5 51. Kh3 Bb5 52. Kg2 c4 53.
Kf2 c3 54. Ke1 Bc6 55. a6 bxa6 56. Kd1 Bxf3+ 57. Kc2 Kd4 58. Na4 Be4+ 59. Kb3
c2 60. Nc3 f3 61. Kb2 Bf5 62. Kc1 Bd3 63. Na2 f2 64. Kb2 f1=Q 65. Nc1 Bc4 66.
Kxc2 Qf2+ 67. Kb1 Kc3 68. Nd3 Bxd3+ 69. Ka1 Qb2# 0-1

[Event "ICS rated blitz match"]
[Site "204.178.125.65"]
[Date "1999.12.06"]
[Round "?"]
[White "Beadle"]
[Black "Hossa"]
[Result "1-0"]
[WhiteElo "2645"]
[BlackElo "2457"]
[PlyCount "163"]
[EventDate "1999.??.??"]

1. d4 d5 2. c4 c6 3. Nf3 e6 4. Nc3 Nf6 5. e3 Nbd7 6. Bd3 c5 7. cxd5 exd5 8. Qa4
Be7 9. e4 dxe4 10. Nxe4 Nxe4 11. Bxe4 O-O 12. Be3 cxd4 13. Bxd4 Nf6 14. Bd3 Bd7
15. Qc2 Rc8 16. Qd2 a6 17. O-O Bg4 18. Ne5 Be6 19. Qe3 Re8 20. b3 Nd5 21. Qf3
f6 22. Nc4 Nb4 23. Qe4 Nxd3 24. Qxe6+ Kh8 25. Qe4 Bc5 26. Qxd3 Qxd4 27. Qxd4
Bxd4 28. Nd6 Bxa1 29. Rxa1 Kg8 30. f4 b5 31. Nxe8 Rxe8 32. Kf2 Rc8 33. Re1 Kf7
34. Kf3 Rc2 35. a4 bxa4 36. bxa4 a5 37. Re3 Ra2 38. Re4 f5 39. Re5 Ra3+ 40. Ke2
Rxa4 41. Rxf5+ Ke6 42. Re5+ Kd6 43. Rh5 h6 44. Rb5 Kc6 45. Rf5 Kb6 46. Rf7 g5
47. Rf6+ Kc7 48. f5 Re4+ 49. Kf3 Rf4+ 50. Ke3 h5 51. g3 Rf1 52. Ke4 Re1+ 53.
Kd5 Rf1 54. Ke5 Re1+ 55. Kd4 Rf1 56. Kc5 Kd7 57. Kd5 Kc7 58. Rf7+ Kb6 59. Rf8
Kb5 60. Rb8+ Ka6 61. Ke6 h4 62. f6 Re1+ 63. Kf5 Ka7 64. Rd8 a4 65. f7 Rf1+ 66.
Ke6 a3 67. f8=Q Rxf8 68. Rxf8 a2 69. Rf1 Ka6 70. Ra1 Kb6 71. Rxa2 Kc6 72. Ra5
h3 73. Rxg5 Kc7 74. Rc5+ Kb7 75. Kd7 Kb6 76. Rg5 Kb7 77. Rb5+ Ka6 78. Kc6 Ka7
79. Rb6 Ka8 80. Kd6 Ka7 81. Kc7 Ka8 82. Ra6# 1-0

[Event "ICS rated blitz match"]
[Site "204.178.125.65"]
[Date "1999.12.06"]
[Round "?"]
[White "Hossa"]
[Black "Beadle"]
[Result "1/2-1/2"]
[WhiteElo "2421"]
[BlackElo "2655"]
[PlyCount "87"]
[EventDate "1999.??.??"]

1. d4 Nf6 2. c4 e6 3. Nf3 b6 4. a3 Ba6 5. Qa4 Bb7 6. Nc3 Bc6 7. Qc2 Bxf3 8.
exf3 Nc6 9. Be3 Bd6 10. Ne4 Nxe4 11. fxe4 e5 12. d5 Nd4 13. Qc3 c5 14. Bd3 O-O
15. O-O Qf6 16. Kh1 Kh8 17. Rad1 Rac8 18. Qd2 Rfe8 19. Bg5 Qg6 20. f3 Qh5 21.
Be3 Be7 22. f4 Bh4 23. fxe5 Bg3 24. Bg1 Bxe5 25. Rb1 f6 26. b3 Bd6 27. b4 Qh4
28. bxc5 bxc5 29. Qa5 Rc7 30. Qa6 Bg3 31. Rb7 Rxb7 32. Qxb7 d6 33. Qxa7 Be5 34.
Rb1 Rg8 35. Rb8 Bxh2 36. Rxg8+ Kxg8 37. Qb8+ Kf7 38. Qc7+ Kg6 39. e5+ Kh6 40.
Bxh2 Qe1+ 41. Bg1 Qh4+ 42. Bh2 Qe1+ 43. Bg1 Qh4+ 44. Bh2 1/2-1/2

[Event "ICS Rated blitz match"]
[Site "204.178.125.65"]
[Date "1999.12.06"]
[Round "?"]
[White "Hossa"]
[Black "kassisov"]
[Result "1-0"]
[WhiteElo "2430"]
[BlackElo "2294"]
[PlyCount "79"]
[EventDate "1999.??.??"]

1. d4 d5 2. c4 c6 3. Nf3 Nf6 4. Nc3 dxc4 5. a4 Bf5 6. e3 e6 7. Bxc4 Bb4 8. O-O
O-O 9. Bd2 a5 10. Rc1 Qe7 11. Na2 Bxd2 12. Qxd2 Nbd7 13. Nc3 e5 14. dxe5 Nxe5
15. Nxe5 Qxe5 16. Rfd1 h6 17. Qd6 Qxd6 18. Rxd6 Rad8 19. Rcd1 Rxd6 20. Rxd6 Rb8
21. f3 Bc2 22. e4 b5 23. axb5 cxb5 24. Bxb5 Bb3 25. Ra6 a4 26. Bxa4 Bc4 27. Rc6
Bd3 28. Rd6 Bc4 29. e5 Nh5 30. Rd4 Be6 31. g4 Rxb2 32. Rd8+ Kh7 33. gxh5 Bf5
34. Bc6 Rc2 35. Be4 Bxe4 36. Nxe4 Rc6 37. Nd6 g6 38. Nxf7 gxh5 39. f4 Kg6 40.
Rd6+ 1-0

[Event "ICS rated standard match"]
[Site "204.178.125.65"]
[Date "1999.12.06"]
[Round "?"]
[White "SPIKE-1"]
[Black "Hossa"]
[Result "1-0"]
[WhiteElo "2497"]
[BlackElo "2175"]
[PlyCount "52"]
[EventDate "1999.??.??"]

1. e4 c6 2. d4 d5 3. Nd2 dxe4 4. Nxe4 Nf6 5. Nxf6+ exf6 6. Bc4 Be7 7. Ne2 O-O
8. O-O Re8 9. Nf4 Bf8 10. Qh5 Qc7 11. Bd2 b5 12. Bb3 Re4 13. c3 Bd6 14. Rfe1 f5
15. f3 Rxe1+ 16. Rxe1 Qd7 17. Qxf7+ Qxf7 18. Re8+ Bf8 19. Rxc8 g6 20. Ne6 Nd7
21. Rxa8 Nb6 22. Rb8 Nd7 23. Rd8 Kh8 24. Bg5 h5 25. h4 Kg8 26. Bh6 Nf6 1-0

[Event "ICS rated blitz match"]
[Site "204.178.125.65"]
[Date "1999.12.06"]
[Round "?"]
[White "Hossa"]
[Black "Beadle"]
[Result "1/2-1/2"]
[WhiteElo "2448"]
[BlackElo "2651"]
[PlyCount "169"]
[EventDate "1999.??.??"]

1. e4 Nc6 2. Nf3 e5 3. Bb5 a6 4. Ba4 Nf6 5. O-O Be7 6. Bxc6 dxc6 7. Nxe5 Nxe4
8. Qe2 Qd5 9. Nf3 Ng5 10. Nxg5 Qxg5 11. d3 Qf6 12. Nc3 Be6 13. Qe3 Qg6 14. Ne2
O-O 15. Re1 Bd6 16. Nf4 Qf6 17. Nxe6 Rfe8 18. Qh3 Rxe6 19. Rxe6 fxe6 20. c3 Re8
21. Be3 Qg6 22. Rd1 Qf5 23. Qxf5 exf5 24. Re1 Kf7 25. h4 f4 26. Bd2 Rxe1+ 27.
Bxe1 Ke6 28. Kf1 Be7 29. h5 Kf5 30. Bd2 g5 31. f3 h6 32. Ke2 Bd6 33. d4 c5 34.
dxc5 Bxc5 35. b4 Bd6 36. Kd3 c5 37. Kc4 cxb4 38. cxb4 Ke6 39. a4 Be5 40. Kc5
Kd7 41. b5 axb5 42. axb5 Bg7 43. Ba5 Bf6 44. Kd5 Ke7 45. Bb4+ Kf7 46. Be1 Ke7
47. Ba5 Bg7 48. Bd2 Bf6 49. Be1 Bg7 50. Bf2 Bf6 51. Bc5+ Kf7 52. Bb6 Ke7 53.
Bf2 Bg7 54. Bg1 Bf6 55. Bb6 Bg7 56. Ba7 Bf6 57. Bg1 Kd7 58. Bc5 Bg7 59. Bb4 Kc7
60. Bd6+ Kb6 61. Ke6 Kxb5 62. Kf7 Bc3 63. Bf8 Kc4 64. Bxh6 b5 65. Bg7 Bxg7 66.
Kxg7 b4 67. h6 b3 68. h7 b2 69. h8=Q b1=Q 70. Qg8+ Kd4 71. Kf6 Ke3 72. Qe6+ Kf2
73. Kxg5 Kxg2 74. Kg4 Kf2 75. Qf7 Qd3 76. Qa7+ Kg2 77. Qa2+ Kf1 78. Kxf4 Qd4+
79. Kf5 Qd3+ 80. Kg4 Qd7+ 81. Kh4 Qe7+ 82. Kg4 Qd7+ 83. Kh4 Qe7+ 84. Kg4 Qd7+
85. Kh4 1/2-1/2

[Event "ICS rated blitz match"]
[Site "204.178.125.65"]
[Date "1999.12.06"]
[Round "?"]
[White "PostModernist"]
[Black "Hossa"]
[Result "1/2-1/2"]
[WhiteElo "2589"]
[BlackElo "2456"]
[PlyCount "79"]
[EventDate "1999.??.??"]

1. e4 e5 2. Nf3 Nc6 3. Bb5 a6 4. Ba4 Nf6 5. O-O Be7 6. d4 exd4 7. e5 Ne4 8. b4
b5 9. Bb3 Bb7 10. Re1 Nc3 11. Nxc3 dxc3 12. a3 a5 13. Qd5 O-O 14. Qxb5 Ba6 15.
Qd5 axb4 16. axb4 Nxb4 17. Qd4 Nc6 18. Qg4 Kh8 19. Bf4 Bb7 20. Rxa8 Bxa8 21.
Re3 Nb4 22. Nd4 Nd5 23. Rg3 Rg8 24. Bc1 f6 25. Nb5 fxe5 26. Nxc3 Nf6 27. Qh3
Rf8 28. Bh6 Ne8 29. Qg4 Bf6 30. Be3 Nd6 31. Nd5 Bc6 32. Rh3 Bxd5 33. Bxd5 Qe8
34. Rxh7+ Kxh7 35. Qh3+ Kg6 36. Qg3+ Kf5 37. Qh3+ Kg6 38. Qg3+ Kf5 39. Qh3+ Kg6
40. Qg3+ 1/2-1/2

[Event "ICS rated blitz match"]
[Site "204.178.125.65"]
[Date "1999.12.06"]
[Round "?"]
[White "Hossa"]
[Black "PostModernist"]
[Result "0-1"]
[WhiteElo "2462"]
[BlackElo "2583"]
[PlyCount "138"]
[EventDate "1999.??.??"]

1. e4 c5 2. Nf3 d6 3. d4 Nf6 4. Nc3 cxd4 5. Nxd4 Nc6 6. Bg5 Bd7 7. Qd2 Nxd4 8.
Qxd4 Qa5 9. Bd2 e5 10. Qd3 h6 11. Nd5 Qd8 12. O-O-O Nxd5 13. Qxd5 Bc6 14. Qd3
Be7 15. Qg3 Bg5 16. Bxg5 Qxg5+ 17. Qxg5 hxg5 18. f3 Ke7 19. Bc4 g4 20. Be2 Rh4
21. h3 Rah8 22. Rdg1 g6 23. fxg4 Bxe4 24. Bd3 Bc6 25. c4 Rc8 26. Kd2 d5 27.
cxd5 Bxd5 28. a4 Ke6 29. Ke3 f5 30. Kf2 fxg4 31. Kg3 g5 32. hxg4 e4 33. Bb1
Rxh1 34. Rxh1 b6 35. Kf2 Rc4 36. Ke3 Rb4 37. Rh8 Rxb2 38. Bxe4 Rb3+ 39. Bd3 Ra3
40. Rc8 Rxa4 41. Bf5+ Ke5 42. Re8+ Kf6 43. g3 Ra3+ 44. Kd4 Bf7 45. Ra8 Be6 46.
Rf8+ Kg7 47. Rd8 Bxf5 48. gxf5 Rxg3 49. Rd6 Rg1 50. Rg6+ Kf7 51. Ke5 Rg2 52.
Rf6+ Ke7 53. Re6+ Kf8 54. Rf6+ Ke8 55. Rg6 b5 56. Ra6 Re2+ 57. Kd6 b4 58. Rxa7
b3 59. Rg7 b2 60. Rb7 g4 61. Rb8+ Kf7 62. Kd5 g3 63. Kd4 g2 64. Kd5 g1=Q 65.
Kc4 Re4+ 66. Kd5 Qd4+ 67. Kc6 Qc3+ 68. Kb7 b1=Q+ 69. Ka7 Qca1# 0-1

[Event "ICS rated blitz match"]
[Site "204.178.125.65"]
[Date "1999.12.06"]
[Round "?"]
[White "PostModernist"]
[Black "Hossa"]
[Result "1-0"]
[WhiteElo "2594"]
[BlackElo "2451"]
[PlyCount "83"]
[EventDate "1999.??.??"]

1. e4 c5 2. Nf3 d6 3. g3 e5 4. Bg2 Nf6 5. d3 Be7 6. Be3 Qb6 7. b3 Nc6 8. Nc3
Nd4 9. O-O Nxf3+ 10. Bxf3 Bh3 11. Bg2 Bxg2 12. Kxg2 h5 13. Bg5 Qa5 14. Bxf6
gxf6 15. Nd5 h4 16. Kg1 Bd8 17. Qf3 hxg3 18. fxg3 Rh6 19. Qg4 Rg6 20. Qh4 c4
21. bxc4 Kd7 22. Qh3+ Kc6 23. Qh7 Rg8 24. Rfb1 Rf8 25. c3 Qa3 26. Kh1 Ba5 27.
Qf5 Rae8 28. Rxb7 Re6 29. Rab1 Qxa2 30. d4 Rg8 31. Nb4+ Bxb4 32. R1xb4 Qa1+ 33.
Kg2 d5 34. cxd5+ Kd6 35. dxe5+ fxe5 36. Qxf7 Rxg3+ 37. hxg3 Qh1+ 38. Kxh1 Rh6+
39. Kg2 Rh2+ 40. Kxh2 a5 41. R4b6+ Kc5 42. Qc7# 1-0

[Event "ICS rated blitz match"]
[Site "204.178.125.65"]
[Date "1999.12.06"]
[Round "?"]
[White "Hossa"]
[Black "PostModernist"]
[Result "0-1"]
[WhiteElo "2441"]
[BlackElo "2604"]
[PlyCount "82"]
[EventDate "1999.??.??"]

1. e4 c5 2. Nf3 d6 3. g3 Nf6 4. Nc3 g6 5. e5 dxe5 6. Nxe5 Bg7 7. Bb5+ Nbd7 8.
Qe2 O-O 9. h4 Nxe5 10. Qxe5 Bf5 11. Ba4 Nd7 12. Qe2 Nb6 13. g4 Bxc3 14. dxc3
Nxa4 15. gxf5 Qd5 16. Rg1 Qxf5 17. h5 Rad8 18. Bh6 Rfe8 19. hxg6 hxg6 20. Rb1
a6 21. Bg5 b5 22. c4 bxc4 23. Bc1 Qd5 24. Bh6 Rb8 25. Rd1 Qf5 26. Bc1 Nxb2 27.
Rg5 Qf6 28. Rd7 Rbd8 29. Rgd5 Rxd7 30. Rxd7 Qc6 31. Ra7 Rd8 32. Qxe7 Qh1+ 33.
Ke2 Qh5+ 34. Kf1 Qh3+ 35. Ke1 Rd1+ 36. Ke2 Qg4+ 37. f3 Qg2+ 38. Ke3 Re1+ 39.
Kf4 Qh2+ 40. Kg5 Rg1+ 41. Kf6 Qh8# 0-1

[Event "ICS rated blitz match"]
[Site "204.178.125.65"]
[Date "1999.12.06"]
[Round "?"]
[White "Hossa"]
[Black "xergreater"]
[Result "1-0"]
[WhiteElo "2444"]
[BlackElo "2332"]
[PlyCount "29"]
[EventDate "1999.??.??"]

1. d4 d6 2. Nf3 g6 3. e4 Bg7 4. Be3 e5 5. dxe5 dxe5 6. Qxd8+ Kxd8 7. Nc3 c6 8.
Ng5 Nh6 9. O-O-O+ Kc7 10. Bc4 f6 11. Ne6+ Bxe6 12. Bxe6 Re8 13. Bh3 Nf7 14. Rd2
Na6 15. Rd7+ 1-0

[Event "ICS rated blitz match"]
[Site "204.178.125.65"]
[Date "1999.12.06"]
[Round "?"]
[White "Hossa"]
[Black "Beadle"]
[Result "0-1"]
[WhiteElo "2465"]
[BlackElo "2643"]
[PlyCount "148"]
[EventDate "1999.??.??"]

1. d4 d5 2. c4 e6 3. Nc3 Be7 4. cxd5 exd5 5. Bf4 c6 6. Nf3 Bf5 7. e3 Bd6 8.
Bxd6 Qxd6 9. Be2 Nd7 10. Nh4 Be6 11. O-O Ne7 12. Qb3 O-O 13. Bd3 c5 14. Qc2 g6
15. Rac1 c4 16. Be2 Nf6 17. Nf3 Bf5 18. Qa4 a6 19. Qa5 b6 20. Qa4 b5 21. Qd1
Nc6 22. Nh4 Bd7 23. a3 Rfe8 24. Nf3 Rab8 25. Ng5 h6 26. Nf3 a5 27. Na2 b4 28.
axb4 axb4 29. Nd2 Ra8 30. Ra1 Bf5 31. Nf3 Ne4 32. Nd2 Re7 33. Nxe4 Bxe4 34. f3
Bf5 35. e4 dxe4 36. fxe4 Rxe4 37. Bxc4 Qxd4+ 38. Qxd4 Rxd4 39. Bb5 Ne5 40. b3
f6 41. Ba4 Rc8 42. Rac1 Rxc1 43. Nxc1 Rd2 44. Rf2 Rd6 45. h3 Kf7 46. Kh2 Rd1
47. Na2 Rd4 48. Nc1 Be4 49. Re2 g5 50. Bb5 Ke6 51. g4 f5 52. gxf5+ Kxf5 53.
Rf2+ Ke6 54. Be2 Rd2 55. Kg3 Bf5 56. Bf1 Rd1 57. Na2 Rb1 58. Bc4+ Nxc4 59. bxc4
Rb3+ 60. Rf3 Rxf3+ 61. Kxf3 b3 62. Nc3 b2 63. Kg3 Ke5 64. Kf2 Kd4 65. Nb5+ Kc5
66. Na3 Kb4 67. Nb5 b1=Q 68. Nd6 Qc2+ 69. Kf3 Qd3+ 70. Kf2 Qxd6 71. c5 Qd2+ 72.
Kf3 Qe1 73. h4 Be4+ 74. Kg4 Qxh4# 0-1

[Event "ICS rated blitz match"]
[Site "204.178.125.65"]
[Date "1999.12.06"]
[Round "?"]
[White "PostModernist"]
[Black "Hossa"]
[Result "1-0"]
[WhiteElo "2605"]
[BlackElo "2457"]
[PlyCount "137"]
[EventDate "1999.??.??"]

1. e4 c5 2. Nf3 d6 3. d4 Nf6 4. Nc3 cxd4 5. Nxd4 Nc6 6. Nde2 g6 7. g3 Bg7 8.
Bg2 O-O 9. O-O Bg4 10. h3 Bd7 11. a4 Rc8 12. Be3 Be6 13. Re1 Qd7 14. Nf4 b6 15.
Qd2 Ne5 16. b3 Qc6 17. Nxe6 fxe6 18. Bd4 Nh5 19. Rad1 Nf3+ 20. Bxf3 Bxd4 21.
Nb5 Bc3 22. Nxc3 Rxf3 23. Nb5 Qxc2 24. Nxa7 Rc5 25. b4 Rc4 26. e5 d5 27. Qxc2
Rxc2 28. Rf1 Rc4 29. Rb1 Ra3 30. Rfc1 Rxc1+ 31. Rxc1 Rxa4 32. Rc8+ Kg7 33. Nc6
Ra1+ 34. Kg2 Rc1 35. Nxe7 Rc4 36. Rxc4 dxc4 37. Kf3 g5 38. Nc8 b5 39. Ke4 Kg6
40. Nd6 Ng7 41. g4 c3 42. Kd3 c2 43. Kxc2 h6 44. Nxb5 Kf7 45. Nd6+ Ke7 46. b5
Ne8 47. Nf7 Nc7 48. b6 Na6 49. Nxh6 Nc5 50. Ng8+ Kd7 51. Nf6+ Kc6 52. Nh7 Kxb6
53. Nxg5 Kc6 54. Nf7 Ne4 55. g5 Nxg5 56. Nxg5 Kc5 57. h4 Kd4 58. f4 Ke3 59. f5
exf5 60. e6 Kf4 61. e7 Kg3 62. h5 f4 63. e8=Q Kf2 64. h6 Kf1 65. h7 f3 66. h8=Q
Kf2 67. Qh2+ Kf1 68. Qh1+ Kf2 69. Qee1# 1-0

[Event "ICS rated blitz match"]
[Site "204.178.125.65"]
[Date "1999.12.06"]
[Round "?"]
[White "jason-1"]
[Black "Hossa"]
[Result "0-1"]
[WhiteElo "2530"]
[BlackElo "2509"]
[PlyCount "24"]
[EventDate "1999.??.??"]

1. e4 c5 2. c3 e6 3. d4 d5 4. e5 Bd7 5. Bd3 cxd4 6. cxd4 Nc6 7. Nf3 Qb6 8. Be2
Nge7 9. Na3 Nf5 10. Nc2 Bb4+ 11. Nxb4 Qxb4+ 12. Bd2 Qxb2 0-1

[Event "ICS rated blitz match"]
[Site "204.178.125.65"]
[Date "1999.12.07"]
[Round "?"]
[White "Hossa"]
[Black "AlBundy"]
[Result "1-0"]
[WhiteElo "2526"]
[BlackElo "2495"]
[PlyCount "33"]
[EventDate "1999.??.??"]

1. e4 e6 2. d4 d6 3. Bd3 Nd7 4. Ne2 Be7 5. O-O c6 6. Be3 b6 7. c4 Bb7 8. Nbc3
c5 9. dxc5 dxc5 10. Qa4 Qc8 11. Rad1 Qc6 12. Qxc6 Bxc6 13. Nb5 Bxb5 14. cxb5
Ngf6 15. Bf4 O-O 16. e5 Nh5 17. Bxh7+ 1-0

[Event "ICS Rated blitz match"]
[Site "204.178.125.65"]
[Date "1999.12.07"]
[Round "?"]
[White "balwan"]
[Black "Hossa"]
[Result "1-0"]
[WhiteElo "2515"]
[BlackElo "2533"]
[PlyCount "119"]
[EventDate "1999.??.??"]

1. e4 c5 2. Nf3 e6 3. d4 cxd4 4. Nxd4 Nf6 5. Nc3 d6 6. Be2 Be7 7. O-O O-O 8. f4
e5 9. Nb3 Qb6+ 10. Rf2 Na6 11. fxe5 dxe5 12. Bg5 Rd8 13. Qf1 Nb4 14. Rc1 Be6
15. Bc4 Ng4 16. Bxe6 Qxe6 17. Bxe7 Qxe7 18. Rf3 Rac8 19. a3 Na6 20. Nd5 Qh4 21.
h3 Nh6 22. g3 Qxe4 23. Ne7+ Kh8 24. Re1 Qa4 25. Nxc8 Rxc8 26. Rxe5 Rxc2 27.
Rxf7 Nxf7 28. Qxf7 Rc8 29. Re7 Rg8 30. Rxb7 Qe4 31. Nd2 Qd4+ 32. Qf2 Qxf2+ 33.
Kxf2 Rf8+ 34. Ke3 Re8+ 35. Kf3 Rf8+ 36. Kg4 Ra8 37. Ne4 Nb8 38. Rc7 Na6 39. Rc6
Re8 40. Nd6 Nb8 41. Rc7 Rf8 42. Rxa7 Nc6 43. Rc7 Ne5+ 44. Kh5 Nf3 45. b4 Ne1
46. b5 Nf3 47. b6 Ra8 48. b7 Ra5+ 49. Kg4 h5+ 50. Kf4 g5+ 51. Ke4 Nd2+ 52. Kd4
Nb3+ 53. Kc4 Rc5+ 54. Rxc5 Nxc5 55. b8=Q+ Kg7 56. Qc7+ Nd7 57. Qxd7+ Kh6 58.
Qf7 g4 59. Nf5+ Kg5 60. h4# 1-0